<?xml version="1.0" encoding="UTF-8"?>
<collection xmlns="http://www.loc.gov/MARC21/slim">
 <record>
  <leader>01311nam a2200193 a 4500</leader>
  <controlfield tag="001">EUN.eunm009583</controlfield>
  <controlfield tag="008">250901s2024####ag#####g######000#j#spa#d</controlfield>
  <controlfield tag="005">20251113130003.0</controlfield>
  <datafield tag="245" ind1="1" ind2="3">
   <subfield code="a">La paciencia del agua sobre cada piedra /</subfield>
   <subfield code="c">Alejandra Kamiya.</subfield>
  </datafield>
  <datafield tag="260" ind1=" " ind2=" ">
   <subfield code="a">Buenos Aires :</subfield>
   <subfield code="b">Eterna Cadencia,</subfield>
   <subfield code="c">2024.</subfield>
  </datafield>
  <datafield tag="300" ind1=" " ind2=" ">
   <subfield code="a">127 p. ;</subfield>
   <subfield code="c">22 cm.</subfield>
  </datafield>
  <datafield tag="520" ind1=" " ind2=" ">
   <subfield code="a">&quot;Una mujer convive pacíficamente con un mono hasta que llega la noche y los límites se difuminan, el peligro acecha. Un grupo de perros hace su paseo cotidiano de la mano de su cuidadora. Mientras caminan conversan entre ellos: sobre las repeticiones, sobre la memoria, sobre la muerte. A partir de una misma tristeza compartida, dos músicos logran una armonía perfecta, como si el destino ineludible de un piano y un violín fuese esa única unión. Frente a la posibilidad de adoptar una mascota, una mujer duda, se siente vieja, pero recuerda en una suerte de catálogo entrañable a todos los perros que la acompañaron a lo largo de su vida. Quizás todavía sea posible un nuevo comienzo.&quot;--Tapa posterior.</subfield>
  </datafield>
  <datafield tag="020" ind1=" " ind2=" ">
   <subfield code="a">9789877122923</subfield>
  </datafield>
  <datafield tag="100" ind1="1" ind2=" ">
   <subfield code="a">Kamiya, Alejandra,</subfield>
   <subfield code="d">1966-</subfield>
  </datafield>
  <datafield tag="082" ind1="0" ind2="4">
   <subfield code="a">A863.5</subfield>
   <subfield code="2">21</subfield>
  </datafield>
  <datafield tag="650" ind1=" " ind2="7">
   <subfield code="a">Literatura argentina</subfield>
   <subfield code="2">unbist</subfield>
  </datafield>
  <datafield tag="650" ind1=" " ind2="7">
   <subfield code="a">Siglo XXI</subfield>
   <subfield code="2">unbist</subfield>
  </datafield>
  <datafield tag="655" ind1=" " ind2="4">
   <subfield code="a">Cuento</subfield>
  </datafield>
  <datafield tag="859" ind1=" " ind2=" ">
   <subfield code="a">AR-BaUNS</subfield>
   <subfield code="b">BIB. CENTRAL - Sector A</subfield>
   <subfield code="h">A863.5</subfield>
   <subfield code="i">K129</subfield>
   <subfield code="p">129029/025</subfield>
  </datafield>
 </record>
</collection>
